000 00480nam a2200121 a 4500
008 120416s1978 ||||||||||||||||| || u
050 _aPN 6013.5 Rea
245 1 0 _aReader's digest condensed books
246 _aThe Reader's Digest Association
260 _aLondon
_bThe Reader's digest Association
_c1978
350 _a0.00
995 _D0.00
_FCBU-MAIN LIBRARY (Kitwe)
_H1
_I7.95
_M1
_UAVAILABLE
_ZAnnex Low-Usage Collection
999 _c55634
_d55634